Návrhové vzory v prostriedkoch objektovo-relačného mapovania

Guardado en:
Detalles Bibliográficos
Autor principal: Sivák, Peter, 1983- (Autor)
Formato: Manuscrito Libro
Lenguaje:eslovaco
Publicado: Bratislava : STU, 2006
Materias:
Etiquetas: Agregar Etiqueta
Sin Etiquetas, Sea el primero en etiquetar este registro!

MARC

LEADER 00000ntm a22000003a 4500
001 stu139175
005 20150617225927.3
008 070323s2006----xo------------------slo-d
040 |a STU  |b slo 
041 0 |a slo 
044 |a xo 
100 1 |a Sivák, Peter,  |d 1983-  |4 aut  |u I200  |U FIIT Fakulta informatiky a informačných technológií  |T FIIT Ústav informatiky a softvérového inžinierstva  |X 24941  |U I200  |Y 179  |7 A000024941 
245 1 |a Návrhové vzory v prostriedkoch objektovo-relačného mapovania 
260 |a Bratislava :  |b STU,  |c 2006 
300 |a 57 s  |c príl. 
650 7 |a softvérové inžinierstvo  |2 stusub 
996 |c I*DP82/06  |l II680  |s P  |a 0  |w stu139175_0001